000 01297pab a2200193 454500
008 180718b2001 xxu||||| |||| 00| 0 eng d
100 _aShaw, Eric
245 _aNew labour: new pathways to Parliament
260 _c2001
300 _ap.35-53
362 _aJan
520 _aThis article explores the effects of the new system of candidates selection, introduced by the Labour Party, employed for the recruitment of candidates to the new devolved authorities in Scotland, Wales and London, for the choice of their leaders, for the European Parliament and for Westminster. It discusses the operation of the system and the extent to which it has achieved its aims of a more representative and improved calibre of candidates. The key new instrument being used is the panel of approved candidates, a list vetted by centrally-appointed boards from which constituencies must draw their preferred nominees. This has brought accusations of political screening which the article assesses before reaching some conclusions about the impact of the new rules on the flow of Labour candidates and the character of the party. - Reproduced
650 _aLabour party
650 _aGreat Britain. Parliament
650 _a
650 _aParliament
773 _aParliamentary Affairs
909 _a48121
999 _c48121
_d48121